Music Quiz

Random Music or Artist Quiz

Three Hits in One Year II Quiz Stats

 Plays Quiz Updated Feb 18, 2018

Score 0/30 Timer 06:00
5 Plays Today
% Correct
Fergie
92.1%
Cyndi Lauper
91.7%
Wham!
88.1%
The Beatles
88.1%
Lady Gaga
87.4%
OutKast
85.5%
Spice Girls
83.7%
Destiny's Child
82.7%
Rihanna
75.6%
The Righteous Brothers
75%
Boyz II Men
72.4%
Ace of Base
72.2%
Puff Daddy|P. Diddy
71.6%
Paula Abdul
70.8%
Drake
67.5%
% Correct
Phil Collins
66.8%
Hall & Oates
65.7%
50 Cent
64%
Janet Jackson
63.8%
Katy Perry
63.7%
Carpenters
62.5%
Justin Bieber
58.5%
Akon
57.3%
John Lennon
55.6%
Justin Timberlake
54.7%
New Kids on the Block
54%
Pitbull
50.6%
Britney Spears
48.1%
Ciara
47.9%
SWV
32.4%

You're not logged in!

Compare scores with friends on all Sporcle quizzes.
OR
Log In

Sporcle TV

Today on Sporcle TV


Watch our educational content, quiz creation guides, and fun videos on Sporcle TV.

Show Comments

Extras

Top Quizzes Today


Score Distribution

Your Account Isn't Verified!

In order to create a playlist on Sporcle, you need to verify the email address you used during registration. Go to your Sporcle Settings to finish the process.

Report this User

Report this user for behavior that violates our Community Guidelines.

Details: